Science Quiz

Random Science or Geology Quiz

Sedimentary composition Quiz Stats

 Plays Quiz not verified by Sporcle

Also try: Roman Numerals
Challenge
Share
Tweet
Embed
Score 0/18 Timer 10:00
0 Plays Today
Hint Answer % Correct
Crystalline Limestonecalcite
88.9%
Quartz Sandstonequartz
77.8%
Shaleclay
77.8%
Chalkcalcite
77.8%
Rock Gypsumgypsum
77.8%
Chertquartz
66.7%
Conglomeratequartz
66.7%
Oolitic Limestonecalcite
66.7%
Coquinacalcite
66.7%
Hint Answer % Correct
Fossiliferous Limestonecalcite
66.7%
Crystalline Dolostonedolomite
66.7%
Microcrystalline Dolostonedolomite
66.7%
Microcrystalline Limestonecalcite
66.7%
Arkosequartz and potassium feldspar
55.6%
Brecciaquartz
55.6%
Coalhydrocarbons
44.4%
Siltstonequartz and clay
33.3%
Graywackequartz and feldspar
33.3%

You're not logged in!

Compare scores with friends on all Sporcle quizzes.
OR
Log In

You Might Also Like...

Show Comments

Extras

Created May 8, 2014ReportNominate
Tags:Geology Quiz, sedimentary

Top Quizzes Today


Score Distribution

Your Account Isn't Verified!

In order to create a playlist on Sporcle, you need to verify the email address you used during registration. Go to your Sporcle Settings to finish the process.

Report this User

Report this user for behavior that violates our Community Guidelines.

Details: